| 000 | 01054na a2200349 4500 | ||
|---|---|---|---|
| 001 | 16451 | ||
| 003 | MIRAKIL | ||
| 005 | 20181213155107.0 | ||
| 008 | 161011b tu 000 0 | ||
| 020 | _a9789750127410 | ||
| 035 | _a16451 | ||
| 040 |
_aMilas _btur _cTR-AnCHP |
||
| 041 | _atur | ||
| 082 |
_a923.5 Ağar,A _bA32b 2008 |
||
| 090 | _a923.5 Ağar,A A32b 2008 | ||
| 100 | _aAğar, Abdullah | ||
| 245 |
_a5. Tim _b"güneş doğsun isteriz" _cAbdullah Ağar |
||
| 246 | _abeşinci Tim | ||
| 246 | _aGüneş doğsun isteriz | ||
| 250 | _a16. bs. | ||
| 260 |
_aİstanbul _bKitaptürk _c2008 |
||
| 300 |
_a333 s. _bres. _c23 sm. |
||
| 500 | _aYapıt yazarından imzalıdır. | ||
| 600 |
_aAğar, Abdullah _vTim komutanı _xAnılar |
||
| 650 |
_aKürtler _zGüneydoğu Anadolu |
||
| 650 |
_aTeröristler _zTürkiye |
||
| 650 |
_aAskerlik _xÖzel operasyonlar _yAnılar _zTürkiye |
||
| 650 |
_aAskerler _xYaşamöyküsü _zTürkiye |
||
| 651 |
_aGüneydoğu Anadolu _xTerör _yAnılar |
||
| 657 | _aKomutan anıları | ||
| 942 |
_2ddc _cBKS |
||
| 999 |
_c6421 _d6421 |
||